000 00320nam a22001457a 4500
003 OSt
008 200714b ||||| |||| 00| 0 eng d
100 _aChandra, Suresh & Mishra
245 _aPharmacology
250 _a2019
260 _aAgra
_bR.Narain
300 _aPg-248
650 _aPharmacology
942 _2ddc
_cBK
999 _c8954
_d8954